| 000 | 00662nam a2200229Ia 4500 | ||
|---|---|---|---|
| 005 | 20230621102558.0 | ||
| 008 | 131103s9999 xx 000 0 und d | ||
| 020 | _a491016077 | ||
| 040 | _aLoreto College | ||
| 041 | _aEnglish | ||
| 082 |
_a940.28 _bPER |
||
| 100 | _aPerry,K. | ||
| 245 |
_aModern European History _b made simple 1871 - 1976 _cK.Perry |
||
| 260 |
_aLondon _bW.H.Allen _c1976 |
||
| 300 |
_axiii,304 p. _b ill.,maps |
||
| 440 | _aMade Simple Books | ||
| 504 | _aIncludes bibliographical references and index | ||
| 650 | _aModern History - 1871 - 1976 | ||
| 651 | _aEurope - Modern History - 1871 - 1976 | ||
| 850 | _aLCLIB | ||
| 942 | _cBK | ||
| 999 |
_c8767 _d59246 |
||